000 00678 a2200181 4500
003 Nust
005 20220720170723.0
020 _a0-87930-449-9
040 _cNust
082 _a003.83,POL
100 _aPollatschek, Moshe A.
_994164
245 _aProgramming Discrete Simulations :
_btools for modeling the real world /
_c Moshe A. Pollatschek
260 _aUnited States
_b R& D Books Distributed in the US and Canada by Publisher group West
_c1995
300 _axiv,368,p .:
505 _aTheory (Page-1), Examples and Problems (Page-147), Manual and Programmer’ s Reference (Page-237),
650 _aProgramming Discrete
_993952
942 _2ddc
_cBK
_k003.83,POL
999 _c190577
_d190577